Sports Quiz

Random Sports Quiz

Singular sports teams Quiz Stats

 Plays Quiz not verified by Sporcle

Score 0/9 Timer 06:00
0 Plays Today
Sport Team % Correct
NBAHeat
91.5%
NBAJazz
81.9%
MLBRed Sox
78.1%
MLBWhite Sox
77.8%
NBAThunder
75.7%
NBAMagic
74%
NHLWild
68.2%
NHLAvalanche
61.9%
NHLLightning
60.5%

You're not logged in!

Compare scores with friends on all Sporcle quizzes.
OR
Log In

You Might Also Like...

Show Comments

Extras

Created Dec 20, 2009ReportNominate
Tags:singular, team

Top Quizzes Today


Score Distribution

Your Account Isn't Verified!

In order to create a playlist on Sporcle, you need to verify the email address you used during registration. Go to your Sporcle Settings to finish the process.

Report this User

Report this user for behavior that violates our Community Guidelines.

Details: